<?xml version="1.0" encoding="UTF-8"?>
<record
    xmlns:xsi="http://www.w3.org/2001/XMLSchema-instance"
    xsi:schemaLocation="http://www.loc.gov/MARC21/slim http://www.loc.gov/standards/marcxml/schema/MARC21slim.xsd"
    xmlns="http://www.loc.gov/MARC21/slim">

  <leader>01735nam a2200289 a 4500</leader>
  <controlfield tag="001">000025095</controlfield>
  <controlfield tag="003">000025095</controlfield>
  <controlfield tag="005">20171002125808.0</controlfield>
  <controlfield tag="008">110210s20uu    dr a          000 j spa d</controlfield>
  <datafield tag="020" ind1=" " ind2=" ">
    <subfield code="a">9789945120069</subfield>
  </datafield>
  <datafield tag="040" ind1=" " ind2=" ">
    <subfield code="a">BPMSU</subfield>
    <subfield code="b">spa</subfield>
    <subfield code="c">BPMSU</subfield>
  </datafield>
  <datafield tag="049" ind1=" " ind2=" ">
    <subfield code="a"> </subfield>
  </datafield>
  <datafield tag="082" ind1=" " ind2="4">
    <subfield code="a">H863.4408</subfield>
    <subfield code="b">C965L</subfield>
  </datafield>
  <datafield tag="092" ind1=" " ind2=" ">
    <subfield code="2"> </subfield>
  </datafield>
  <datafield tag="245" ind1="0" ind2="0">
    <subfield code="a">Cuentos latinoamericanos.</subfield>
  </datafield>
  <datafield tag="260" ind1=" " ind2=" ">
    <subfield code="a">Santo Domingo :</subfield>
    <subfield code="b">Susaeta,</subfield>
    <subfield code="c">[19--?].</subfield>
  </datafield>
  <datafield tag="300" ind1=" " ind2=" ">
    <subfield code="a">192 p. :</subfield>
    <subfield code="b">il.;</subfield>
    <subfield code="c">22 cm.</subfield>
  </datafield>
  <datafield tag="490" ind1="1" ind2=" ">
    <subfield code="a">Biblioteca Susaeta</subfield>
  </datafield>
  <datafield tag="505" ind1="0" ind2=" ">
    <subfield code="t">La gallina degollada /</subfield>
    <subfield code="r">Horacio Quiroga --</subfield>
    <subfield code="t">Los amos /</subfield>
    <subfield code="r">Juan Bosch --</subfield>
    <subfield code="t">Las novias del mendigo /</subfield>
    <subfield code="r">R&#xF3;mulo Gallegos --</subfield>
    <subfield code="t">El hombre honrado /</subfield>
    <subfield code="r">Monteiro Lobato --</subfield>
    <subfield code="t">La leyenda del yunque /</subfield>
    <subfield code="r">Juan B. Huyke --</subfield>
    <subfield code="t">Los fugitivos /</subfield>
    <subfield code="r">Alejo Carpentier --</subfield>
    <subfield code="t">El sue&#xF1;o del pongo /</subfield>
    <subfield code="r">Jos&#xE9; Mar&#xED;a Arguedas --</subfield>
    <subfield code="t">Ciro Alegr&#xED;a /</subfield>
    <subfield code="r">Calixto Garmendia --</subfield>
    <subfield code="t">Es que somos pobres /</subfield>
    <subfield code="r">Juan Rulfo --</subfield>
    <subfield code="t">Continuidad de los parques /</subfield>
    <subfield code="r">Julio Cort&#xE1;zar --</subfield>
    <subfield code="t">Primera dama /</subfield>
    <subfield code="r">Augusto Monterroso --</subfield>
    <subfield code="t">El ahogado m&#xE1;s hermoso del mundo /</subfield>
    <subfield code="r">Gabriel Garc&#xED;a M&#xE1;rquez --</subfield>
    <subfield code="t">Juegos nocturnos /</subfield>
    <subfield code="r">Augusto Roa Bastos --</subfield>
    <subfield code="t">El cacique /</subfield>
    <subfield code="r">Francisco Herrera Velado --</subfield>
    <subfield code="t">Eleuterio Real /</subfield>
    <subfield code="r">Pablo Antonio Cuadra --</subfield>
    <subfield code="t">Una Elfina /</subfield>
    <subfield code="r">Pompello del Valle --</subfield>
    <subfield code="t">El hombre feliz /</subfield>
    <subfield code="r">Mar&#xED;a Teresa S&#xE1;nchez --</subfield>
    <subfield code="t">Uno menos /</subfield>
    <subfield code="r">Alicia Y&#xE1;nez Coss&#xED;o --</subfield>
    <subfield code="t">La novia bruja /</subfield>
    <subfield code="r">El&#xED;as Zelen&#xF3;n Cart&#xED;n --</subfield>
    <subfield code="t">Balas cruceadas /</subfield>
    <subfield code="r">Eliseo P&#xE9;rez Cadalso --</subfield>
    <subfield code="t">Anita la cazadora de insectos /</subfield>
    <subfield code="r">Roberto Castillo --</subfield>
    <subfield code="t">El fardo /</subfield>
    <subfield code="r">Rub&#xE9;n Dar&#xED;o</subfield>
  </datafield>
  <datafield tag="650" ind1=" " ind2="4">
    <subfield code="a">CUENTOS LATINOAMERICANOS</subfield>
    <subfield code="x">COLECCIONES</subfield>
  </datafield>
  <datafield tag="650" ind1=" " ind2="4">
    <subfield code="a">LITERATURA LATINOAMERICANA</subfield>
  </datafield>
  <datafield tag="830" ind1=" " ind2="0">
    <subfield code="a">Biblioteca Susaeta</subfield>
  </datafield>
  <datafield tag="910" ind1=" " ind2=" ">
    <subfield code="a">Validado. Control de calidad BNPHU</subfield>
  </datafield>
  <datafield tag="942" ind1=" " ind2=" ">
    <subfield code="2">ddc</subfield>
    <subfield code="c">BK</subfield>
  </datafield>
  <datafield tag="945" ind1=" " ind2=" ">
    <subfield code="a">Inventariado / 2017 VM</subfield>
  </datafield>
  <datafield tag="952" ind1=" " ind2=" ">
    <subfield code="0">0</subfield>
    <subfield code="1">0</subfield>
    <subfield code="2">ddc</subfield>
    <subfield code="4">0</subfield>
    <subfield code="7">0</subfield>
    <subfield code="8">CD</subfield>
    <subfield code="a">BPMET</subfield>
    <subfield code="b">BPMET</subfield>
    <subfield code="d">2014-07-21</subfield>
    <subfield code="l">0</subfield>
    <subfield code="o">H863.4408  C965L</subfield>
    <subfield code="p">BPMSU15040635</subfield>
    <subfield code="r">2014-07-21</subfield>
    <subfield code="w">2014-07-21</subfield>
    <subfield code="y">BK</subfield>
  </datafield>
  <datafield tag="952" ind1=" " ind2=" ">
    <subfield code="0">0</subfield>
    <subfield code="1">0</subfield>
    <subfield code="2">ddc</subfield>
    <subfield code="4">0</subfield>
    <subfield code="7">0</subfield>
    <subfield code="8">CD</subfield>
    <subfield code="a">BPMET</subfield>
    <subfield code="b">BPMET</subfield>
    <subfield code="d">2014-07-21</subfield>
    <subfield code="l">0</subfield>
    <subfield code="o">H863.4408 C965L</subfield>
    <subfield code="p">BPMSU15040636</subfield>
    <subfield code="r">2014-07-21</subfield>
    <subfield code="t">e.2</subfield>
    <subfield code="w">2014-07-21</subfield>
    <subfield code="y">BK</subfield>
  </datafield>
  <datafield tag="952" ind1=" " ind2=" ">
    <subfield code="0">0</subfield>
    <subfield code="1">0</subfield>
    <subfield code="2">ddc</subfield>
    <subfield code="4">0</subfield>
    <subfield code="7">0</subfield>
    <subfield code="8">CD</subfield>
    <subfield code="a">BPMET</subfield>
    <subfield code="b">BPMET</subfield>
    <subfield code="d">2014-07-21</subfield>
    <subfield code="l">0</subfield>
    <subfield code="o">H863.4408  C965L</subfield>
    <subfield code="p">BPMSU15040637</subfield>
    <subfield code="r">2014-07-21</subfield>
    <subfield code="t">e. 3</subfield>
    <subfield code="w">2014-07-21</subfield>
    <subfield code="y">BK</subfield>
  </datafield>
  <datafield tag="956" ind1=" " ind2=" ">
    <subfield code="a">VMATEO</subfield>
    <subfield code="b">10</subfield>
    <subfield code="c">20150922</subfield>
    <subfield code="l">BPMSU</subfield>
    <subfield code="h">0069</subfield>
  </datafield>
  <datafield tag="999" ind1=" " ind2=" ">
    <subfield code="c">7194</subfield>
    <subfield code="d">7194</subfield>
  </datafield>
</record>
